00668cam a22002171 4500001001300000003000400013005001700017008004100034010001700075035002000092040003700112042001200149050001600161100002600177245011500203260004300318300001900361440002100380651003400401999001500435af 48003371 DLC20260227110901.0890411s1940 ne 000 0 dut c aaf 48003371  a(OCoLC)19533487 aCalifornia. Univ. Libr.cCUdDLC apremarc00aPT5484b.M81 aMüller, P.-H.,eed.10aNederlandsche historie dichten sedert 1527;bde geschiedenis van ons land en volk weerspiegeld in de poëzie. aAmsterdam,bBigot & Van Rossumc[1940] a174 p.c20 cm. 3aDe Kolibri,v3-4 0aNetherlandsxHistoryvPoetry. c5546d5546